000 00856nam a2200217 a 4500
001 000042345
005 20250221073755.0
008 131127s2010 dr 001 0 spa d
040 _aDO-SdBNP
_bspa
_cBNPHU
082 _a304.6097293
_bR426c
110 1 _aRepública Dominicana.
_bOficina Nacional de Estadística
_95775
245 1 3 _aEl censo de población y vivienda :
_butilidad de sus resultados.
260 _aSanto Domingo :
_bONE,
_c2010.
300 _a10 p. ;
_c28 cm.
650 4 _aViviendas
_zRepública Dominicana
_xEstadísticas
_934809
651 4 _aRepública Dominicana
_xCensos
_92322
651 4 _aRepública Dominicana
_xPoblación
_xEstadísticas
_92321
651 4 _aRepública Dominicana
_xEstadística Vital
_932045
710 1 2 _aRepública Dominicana.
_bOficina Nacional de Estadística
_95775
910 _aValidado. Control de calidad. EMS
999 _c41834
_d41834